000 00701aam a2200277 4500
005 20260313194227.0
008 150416b1997 xxu||||| |||| 00| 0 spa d
041 _aESP
082 _a808.06 C915e
100 _aCreme, Phyllis
100 _aLea, Mary
245 _aEscribir en la universidad
260 _aEstados Unidos
260 _bGedisa
260 _c1997
300 _a190 páginas
490 _aTemática General
650 _aRETÓRICA DE CLASES ESPECÍFICAS DE REDACCIÓN
650 _aINVESTIGACIÓN
650 _aREDACCIÓN UNIVERSITARIA
650 _aORGANIZACIÓN
650 _aMETODOLOGÍA
650 _aTRABAJOS ESCRITOS
650 _aESCRITURA
942 _cBK
_2ddc
999 _c4743
_d4743